Worst 100 Movies of All Time - Statistics

General Stats
  • This quiz has been taken 109 times
  • The average score is 4 of 100
Answer Stats
Year Answer % Correct
2003 Gigli
42%
2000 Battlefield Earth
23%
2007 Epic Movie
22%
1966 Manos: The Hands of Fate
21%
2008 Disaster Movie
18%
2001 Glitter
18%
1999 Baby Geniuses
13%
2012 Foodfight!
13%
1987 Leonard Part 6
13%
2005 Son of the Mask
12%
2003 From Justin to Kelly
10%
2005 Alone in the Dark
9%
2010 Birdemic: Shock and Terror
8%
1959 Santa Claus
8%
2004 Superbabies: Baby Geniuses 2
8%
2008 The Hottie & the Nottie
8%
1996 Ed
6%
2003 House of the Dead
6%
1978 Laserblast
5%
1965 Monster a-Go Go
5%
2014 Saving Christmas
5%
1974 The Bat People
5%
2000 The Tony Blair Witch Project
5%
2002 Demon Island
4%
1988 Hobgoblins
4%
1959 Prince of Space
4%
1964 Santa Claus Conquers the Martians
4%
1971 Zaat
4%
1987 Zombie Nightmare
4%
1998 Chairman of the Board
3%
2012 Joker
3%
1975 Mitchell
3%
2002 Nine Lives
3%
1987 R.O.T.O.R.
3%
1999 Simon Sez
3%
1961 The Beast of Yucca Flats
3%
1990 The Final Sacrifice
3%
1964 The Incredibly Strange Creatures Who Stopped Living and Became Mixed-Up Zombies!!?
3%
1980 The Pumaman
3%
2000 Titanic: The Legend Goes On...
3%
2004 Addiction - When Nothing is Enough
1%
2008 A Fox's Tale
1%
2003 Anne B. Real
1%
1995 A Story About Love
1%
2011 Beginning of the Great Revival
1%
2002 Ben & Arthur
1%
2011 Blubberella
1%
1960 Body in the Web
1%
1985 Boggy Creek II: And the Legend Continues
1%
2012 Breaking Wind
1%
1994 Car 54, Where Are You?
1%
2007 Cilgin Dersane
1%
1983 Copper Mountain
1%
1997 Danes Without a Clue
1%
2044 Daniel der Zauberer
1%
1984 Devil Fish
1%
1998 Die Hard Dracula
1%
2009 Dream.net
1%
1962 Eegah
1%
2009 Ekhrajiha 2
1%
1983 Extra Terrestrial Visitors
1%
2004 Fat Slags
1%
1989 Ghosts Can't Do It
1%
1968 Girl in Gold Boots
1%
2014 Gunday
1%
2014 Humshakals
1%
1944 I Accuse My Parents
1%
2005 In the Mix
1%
1996 Lawnmower Man 2: Beyond Cyberspace
1%
1996 Merlin's Shop of Mystical Wonders
1%
2004 Miss Castaway and the Island Girls
1%
2006 Pledge This!
1%
2005 Popstar
1%
1996 Santa with Muscles
1%
2006 Seven Mummies
1%
1990 Soultaker
1%
1988 Space Mutiny
1%
2006 Surf School
1%
1994 Tangents
1%
2010 Tees Maar Khan
1%
1984 The Blade Master
1%
1964 The Creeping Terror
1%
2004 The Maize: The Movie
1%
1964 The Starfighters
1%
1971 The Touch of Satan
1%
1982 The Treasure of the Living Dead
1%
1999 The Underground Comedy Movie
1%
1966 The Wild World of Batwoman
1%
1976 Track of the Moon Beast
1%
2007 Who's Your Caddy?
1%
2007 Yes Sir
1%
2004 Zombie Nation
1%
2006 Crossover
0%
1985 Final Justice
0%
1989 Going Overboard
0%
2013 Himmatwala
0%
1961 Invasion of the Neptune Men
0%
2006 Keloglan vs. the Black Prince
0%
2007 Ram Gopal Varma's Indian Flames
0%
2006 Turks in Space
0%
No matching quizzes found
Score Distribution
Percent of People with Each Score
Percentile by Number Answered
Your Score History
You have not taken this quiz